Η άδηλος κυριαρχία

Αποθηκεύτηκε σε:
Λεπτομέρειες βιβλιογραφικής εγγραφής
Κύριος συγγραφέας: Χρυσοχόου, Δημήτρης Ν., 1970-
Μορφή: Βιβλίο
Γλώσσα:Greek
Δημοσίευση: Αθήνα : Παπαζήσης, 2008.
Σειρά:Διεθνής και ευρωπαϊκή πολιτική (Παπαζήσης)
Θέματα:
Ετικέτες: Προσθήκη ετικέτας
Δεν υπάρχουν, Καταχωρήστε ετικέτα πρώτοι!

MARC

LEADER 00000cam a2200000 i 4500
001 1/98786
008 081204s2008 gr | ||| |||| ||gre||
020 |a 9789600222494 
035 |l 10102217 
040 |a GR-MY-UA  |b gre  |e aacr 
041 0 |a gre 
082 7 |a 327.101   |2 (22) 
100 1 |a Χρυσοχόου, Δημήτρης Ν.,   |d 1970- 
245 1 2 |a Η άδηλος κυριαρχία /   |c Δημήτρης Ν. Χρυσοχόου.  
260 |a Αθήνα :   |b Παπαζήσης,   |c 2008.  
300 |a 213 σ. ;   |c 20 εκ.  
490 1 |a (Διεθνής και ευρωπαϊκή πολιτική / Παπαζήσης)  
504 |a Βιβλιογραφία : σ. [207]-213.  
650 0 0 |a International relations  |x Philosophy. 
650 0 0 |a Globalization  |x Political aspects. 
650 0 0 |a World politics  |y 20th century. 
650 0 0 |a International relations  |x Political aspects. 
830 0 |a Διεθνής και ευρωπαϊκή πολιτική (Παπαζήσης) 
852 |a INST  |b RHODES  |e 20081204  |h 327.101 ΧΡΥ  |p 005400031474  |q 005400031474  |t BK  |y 0 
901 |a BIBL4-2008-3 
909 |a Ρ  |b 156534 
970 |a Χαριοπολίτου  |b Κωνσταντίνα  |z 2008/12/04